000 00937nam a2200301 a 4500
001 54043
003 BD-RjUL
005 20211209080050.0
008 16-11-s1991 ii a b 101 0 eng
020 _a0387104062 (U.S.)
035 _a(BD-RjUL)54165
040 _aDLC
_cDLC
_dDLC
_dBD-RjUL
_beng
041 _aeng
082 0 0 _a636.96
_223
_bSCF 1991
100 _aSchaperclaus Wilhelm
_9161358
245 1 0 _aFish diseases /
_cWilhelm Schaperclaus ; W. Schaperclaus, H. Kulow and K. Schreckenbach
260 _aNew Delhi :
_bOxonian Press Pvt. Ltd,
_cc1991
300 _aV. :
_bill. ;
_c25 cm.
504 _aIncludes bibliographies and index.
505 _aVol. 1-- V. 2 ---
650 0 _aFishes
_xDiseases
_9161360
700 _aSchaperclaus, W.
_9161361
700 _dKulow H.
_9161362
700 _a Schreckenbach K.
_9161363
942 _2ddc
_cBK
999 _c54043
_d54043